| 000 | 00556nam a2200121Ia 4500 | ||
|---|---|---|---|
| 008 | 220615s9999||||xx |||||||||||||| ||und|| | ||
| 100 | _aMichael Bourke, R.||Harwood, Tracey | ||
| 245 | 0 | _aFood and Agriculture in PNG | |
| 546 | _aEnglish[eng] | ||
| 650 | _aagriculture||papua new guinea||economic aspects||Papua New Guinea | ||
| 856 | _uhttps://library.oapen.org/bitstream/20.500.12657/33748/1/459238.pdf||https://library.oapen.org/bitstream/20.500.12657/33748/1/459238.pdf||https://library.oapen.org/bitstream/20.500.12657/33748/1/459238.pdf | ||
| 942 | _cEB | ||
| 999 |
_c15573 _d15573 |
||